10 cars by pictures - German cars - Statistics

General Stats
  • This quiz has been taken 227 times
  • The average score is 7 of 10
Answer Stats
Picture Answer % Correct
Audi R8
85%
Porsche 911 (992) Carrera S
83%
Volkswagen Golf 7 GTI
81%
Smart ForTwo
80%
Volkswagen Beetle
79%
Audi RS6 (C7)
76%
BMW M3 (E30)
70%
Mercedes C63 AMG (W204)
53%
Mercedes 300SL
39%
Opel Corsa (C)
32%
No matching quizzes found
Score Distribution
Percent of People with Each Score
Percentile by Number Answered
Your Score History
You have not taken this quiz